Modern sculpture reader (Registro nro. 321373)

Detalles MARC
000 -ENCABEZADO
Número de control [NR] 00865nam a2200229 4500
005 - FECHA Y HORA DE LA ÚLTIMA TRANSACCIÓN
control field 20220624084310.0
008 - DE LONGITUD FIJA DE DATOS DE ELEMENTOS - INFORMACIÓN GENERAL
Elementos de longitud fija [NR] 220624s20122007enk |||gr|||| 00| 0 eng d
020 ## - NUMERO INTERNACIONAL NORMALIZADO PARA LIBROS [R]
Número Internacional Normalizado del libro [NR] 9781606061060
040 ## - FUENTE DE CATALOGACION [NR]
Agencia de catalogación original [NR] CO-BoUCM
Idioma de catalogación [NR] spa
Quien Cataloga Deissy Garcia
Quien Clasifica Deissy Garcia
041 0# - CODIGO DE IDIOMA [R]
Código de idioma para texto/pista de sonido o título separado [R] Inglés
245 00 - MENCION DE TITULO [NR]
Título [NR] Modern sculpture reader
Mención de responsabilidad, etc. [NR] edición Jon Wood, David Hulks, Alex Potts
260 ## - PUBLICACION, DISTRIBUCION, ETC. (PIE DE IMPRENTA) [R]
Lugar de publicación, distribución, etc. [R] Leeds, Inglaterra
Nombre del editor, distribuidor, etc. [R] Henry Moore Institute
Lugar de publicación, distribución, etc. [R] Los Ángeles
Fecha de publicación, distribución, etc. [R] J. Paul Getty Museum
300 ## - DESCRIPCION FISICA [R]
Extensión [R] xxx, 511 páginas
500 ## - NOTA GENERAL [R]
Nota general [NR] Bibliografía Básica - Facultad de Creación - Pregrado en Artes
504 ## - NOTA DE BIBLIOGRAFIA, ETC. [R]
Nota de bibliografía, etc. [NR] Incluye referencias bibliográficas e índices
650 #7 - ASIENTO SECUNDARIO DE MATERIA - TERMINO TEMATICO [R]
Término temático o nombre geográfico como elemento de entrada [NR] Escultura moderna
Subdivisión cronológica [R] Siglo XX
9 (RLIN) 175078
700 1# - ASIENTO SECUNDARIO - NOMBRE PERSONAL [R]
9 (RLIN) 175075
Nombre personal [NR] Wood, Jon
700 1# - ASIENTO SECUNDARIO - NOMBRE PERSONAL [R]
9 (RLIN) 175076
Nombre personal [NR] Hulks, David
700 1# - ASIENTO SECUNDARIO - NOMBRE PERSONAL [R]
9 (RLIN) 175077
Nombre personal [NR] Potts, Alex
942 ## - ELEMENTOS DE ENTRADA AGREGADOS (KOHA)
Sistema de clasificación DEWEY
Tipo de ítem principal el descrito en 300a Libro
Tema principal Arte
Edición 1
Clasificación 735.23
Parte restante de la signatura top. M689
Título oculto en OPAC No
Existencias
Signatura topográfica Código de barras Última vez visto Ejemplar Costo de reposición Price effective from Tipo de ítem Perdido Sistema de clasificación Dañado No prestable Tipo de ítem específico Suprimido Ubicación habitual Ubicación actual Localización Fecha de creación Forma de adquisición Costo
735.23 M689 100170398 06/12/2025 Ej.1 259080.00 24/06/2022 Libro   DEWEY     Libro   Claustro Claustro 2do piso 24/06/2022 Compra 259080.00